Dr. Pap József
Elmentve itt :
| Szerző: | |
|---|---|
| Dokumentumtípus: | Cikk |
| Megjelent: |
1936
|
| Sorozat: | Polgári jog : a hazai és külföldi magánjog és hiteljog szemléje
12 |
| Kulcsszavak: | Ügyvédség |
| Online Access: | http://misc.bibl.u-szeged.hu/15907 |
| LEADER | 00578nab a2200169 i 4500 | ||
|---|---|---|---|
| 001 | misc15907 | ||
| 005 | 20191106142205.0 | ||
| 008 | 170607s1936 hu o 0|| hun d | ||
| 040 | |a SZTE Miscellanea Repozitórium |b hun | ||
| 041 | |a hun | ||
| 100 | 1 | |a Kövess Béla | |
| 245 | 1 | 0 | |a Dr. Pap József |h [elektronikus dokumentum] / |c Kövess Béla |
| 260 | |c 1936 | ||
| 300 | |a 72-73a | ||
| 490 | 0 | |a Polgári jog : a hazai és külföldi magánjog és hiteljog szemléje |v 12 | |
| 695 | |a Ügyvédség | ||
| 856 | 4 | 0 | |u http://misc.bibl.u-szeged.hu/15907/1/polgari_jog_1936_072-073a.pdf |z Dokumentum-elérés |